000 00587nam#a22002295a#4500
001 2446
245 1 0 _aLos frutos del apetito /
_cJavier Cófreces.
250 _a1ª edic.
260 _aBuenos Aires :
_bAdriana Hidalgo,
_c2014.
300 _a233 p. ;
_c22 cm.
500 _aPertenece a la colección Juan Gelman.
020 _a9789871869169
100 1 _aUrondo, Francisco.
080 _a82-1
084 _aC38
653 _aPoesía
040 _aAR-ClEAG
_cAR-ClEAG
008 141027s2014####ag############000#0#und#d
005 20241107184745.0
003 AR-ClEAG
942 _cBK
999 _c2446
_d2446
980 _62
_aEvangelina Gallicchio
_82
_gEvangelina Gallicchio